000 00563nam a2200193Ia 4500
003 IN-BaIIA
008 211028s9999 xx 000 0 eng d
020 _a978-1-905-42229-6
040 _cIIA Library
080 _a82-2
_bALI
100 _aAli, Tariq
_935657
245 4 _aThe Leopard and the fox
_ba Pakistani tragedy
_cTariq Ali
260 _aCalcutta
_bSeagull Books
_c2007
300 _axi, 204p.
650 _aBhutto, Zulfikaar Ali-Drama
_935658
650 _aCensorship television plays
_935659
650 _aPolitics and Government
_935660
942 _cBK
999 _c18583
_d18583